00541nam a2200157Ia 4500008004100000040001900041041001200060082003600072100002100108245010500129260002600234300002200260650005500282651001900337850002700356131103s9999 xx 000 0 und d aLoreto College aEnglish a822.33/SHAb- KNI LCLIB(Press)/ aKnight, G Wilson 4aThe wheel of fireb Interpretations of Shakespearian tragedy with three new essays cG Wilson Knight aLondonbMethuenc1949 axx,343p. c 21cm. aShakespeare, William - Criticism & Interpretations aEnglish essays aLCLIB/822.33/SHA - KNI